Statistics for Inter Milan Top 10 Leaders

Click here to take the quiz!

General Stats

  • This quiz has been taken 258 times
    (46 since last reset)
  • The average score is 7 of 19

Answer Stats

GoalsAppsPlayer% Correct
21858Javier Zanetti
100%
122264Lautaro Martínez
82%
284408Giuseppe Meazza
67%
123190Christian Vieri
58%
124219Mauro Icardi
58%
0455Samir Handanović
52%
28758Giuseppe Bergomi
36%
158565Sandro Mazzola
36%
209466Alessandro Altobelli
33%
18455Iván Córdoba
33%
0473Walter Zenga
30%
75634Giacinto Facchetti
27%
171281Roberto Boninsegna
21%
13559Giuseppe Baresi
12%
94502Mario Corso
12%
133182István Nyers
9%
6467Tarcisio Burgnich
9%
158190Luigi Cevenini
6%
138305Benito Lorenzi
3%

Score Distribution

Percentile by Number Answered

Percent of People with Each Score

Your Score History

You have not taken this quiz since the last reset